[Event "Team Championship Russia (Blitz, Men)"]
[Site "Sochi"]
[Date "2018.10.10"]
[Round "4.25"]
[White "Sychev, Klementy"]
[Black "Kretov, Evgenij"]
[Result "1-0"]
[BlackElo "2355"]
[WhiteElo "2638"]
[LiveChessVersion "1.4.8"]

1. d4 {[%clk 0:03:03]} Nf6 {[%clk 0:03:03]} 2. c4 {[%clk 0:03:05]} e6
{[%clk 0:03:05]} 3. Nf3 {[%clk 0:03:05]} d5 {[%clk 0:03:05]} 4. g3
{[%clk 0:03:05]} Bb4+ {[%clk 0:03:06]} 5. Bd2 {[%clk 0:03:06]} Be7
{[%clk 0:03:07]} 6. Bg2 {[%clk 0:03:07]} O-O {[%clk 0:03:08]} 7. O-O
{[%clk 0:03:07]} c6 {[%clk 0:03:09]} 8. Qb3 {[%clk 0:03:04]} Nbd7
{[%clk 0:03:09]} 9. Rc1 {[%clk 0:03:00]} b6 {[%clk 0:03:07]} 10. cxd5
{[%clk 0:02:58]} cxd5 {[%clk 0:03:07]} 11. Nc3 {[%clk 0:02:47]} a5
{[%clk 0:02:40]} 12. Nb5 {[%clk 0:02:45]} Ba6 {[%clk 0:02:38]} 13. a4
{[%clk 0:02:26]} Ne4 {[%clk 0:02:30]} 14. Bf4 {[%clk 0:02:26]} Rc8
{[%clk 0:01:41]} 15. Rxc8 {[%clk 0:02:13]} Qxc8 {[%clk 0:01:32]} 16. Rc1
{[%clk 0:02:14]} Qd8 {[%clk 0:01:09]} 17. e3 {[%clk 0:02:04]} g5 {[%clk 0:00:44]}
18. Bc7 {[%clk 0:01:44]} Qa8 {[%clk 0:00:44]} 19. Ne5 {[%clk 0:01:38]} Nxe5
{[%clk 0:00:40]} 20. Bxe5 {[%clk 0:01:28]} Rc8 {[%clk 0:00:39]} 21. Rxc8+
{[%clk 0:01:06]} Qxc8 {[%clk 0:00:40]} 22. Nc7 {[%clk 0:01:06]} Bb4
{[%clk 0:00:40]} 23. Nxa6 {[%clk 0:01:04]} Qxa6 {[%clk 0:00:41]} 24. Qc2
{[%clk 0:01:04]} f6 {[%clk 0:00:25]} 25. Bxe4 {[%clk 0:00:59]} dxe4
{[%clk 0:00:25]} 26. Bxf6 {[%clk 0:00:58]} Qd3 {[%clk 0:00:22]} 27. Qc1
{[%clk 0:00:51]} Bd2 {[%clk 0:00:15]} 28. Qc7 {[%clk 0:00:46]} 1-0

[Event "Team Championship Russia (Blitz, Men)"]
[Site "Sochi"]
[Date "2018.10.10"]
[Round "4.26"]
[White "Okun, Evgeny"]
[Black "Demidov, Mikhail"]
[Result "0-1"]
[BlackElo "2522"]
[WhiteElo "2197"]
[LiveChessVersion "1.4.8"]

1. Nf3 {[%clk 0:03:02]} g6 {[%clk 0:03:03]} 2. d4 {[%clk 0:03:01]} Bg7
{[%clk 0:03:04]} 3. Bf4 {[%clk 0:02:59]} d6 {[%clk 0:03:03]} 4. h3
{[%clk 0:03:00]} Nf6 {[%clk 0:02:51]} 5. c3 {[%clk 0:03:01]} b6 {[%clk 0:02:48]}
6. e3 {[%clk 0:02:46]} Bb7 {[%clk 0:02:49]} 7. Be2 {[%clk 0:02:48]} Nbd7
{[%clk 0:02:50]} 8. O-O {[%clk 0:02:48]} O-O {[%clk 0:02:49]} 9. Bh2
{[%clk 0:02:49]} Ne4 {[%clk 0:02:35]} 10. Nbd2 {[%clk 0:02:48]} Ndf6
{[%clk 0:02:33]} 11. Qc2 {[%clk 0:02:43]} c5 {[%clk 0:02:28]} 12. Bd3
{[%clk 0:02:34]} Nxd2 {[%clk 0:02:24]} 13. Nxd2 {[%clk 0:02:34]} Qc7
{[%clk 0:02:23]} 14. e4 {[%clk 0:02:27]} cxd4 {[%clk 0:02:07]} 15. cxd4
{[%clk 0:02:28]} Qxc2 {[%clk 0:02:07]} 16. Bxc2 {[%clk 0:02:28]} Rfc8
{[%clk 0:02:02]} 17. Bd3 {[%clk 0:02:21]} d5 {[%clk 0:01:46]} 18. f3
{[%clk 0:02:05]} Bh6 {[%clk 0:01:40]} 19. Rfd1 {[%clk 0:01:06]} Be3+
{[%clk 0:01:37]} 20. Kf1 {[%clk 0:01:03]} Bxd4 {[%clk 0:01:38]} 21. e5
{[%clk 0:00:53]} Nd7 {[%clk 0:01:38]} 22. f4 {[%clk 0:00:50]} Bxb2
{[%clk 0:01:30]} 23. Rab1 {[%clk 0:00:51]} Bc3 {[%clk 0:01:31]} 24. Nf3
{[%clk 0:00:45]} Nc5 {[%clk 0:01:28]} 25. Bc2 {[%clk 0:00:38]} Ne4
{[%clk 0:01:24]} 26. Bxe4 {[%clk 0:00:30]} dxe4 {[%clk 0:01:25]} 27. Nd4
{[%clk 0:00:31]} e3 {[%clk 0:00:49]} 28. Bg1 {[%clk 0:00:19]} Bd2
{[%clk 0:00:38]} 29. Ke2 {[%clk 0:00:13]} Bxg2 {[%clk 0:00:38]} 30. Bxe3
{[%clk 0:00:14]} Bxe3 {[%clk 0:00:37]} 31. Kxe3 {[%clk 0:00:15]} Bxh3
{[%clk 0:00:38]} 32. Rbc1 {[%clk 0:00:12]} Bd7 {[%clk 0:00:34]} 33. Nf3
{[%clk 0:00:09]} Bg4 {[%clk 0:00:33]} 0-1

[Event "Team Championship Russia (Blitz, Men)"]
[Site "Sochi"]
[Date "2018.10.10"]
[Round "4.27"]
[White "Afanasiev, Nikita"]
[Black "Kostin, Alexey"]
[Result "1-0"]
[BlackElo "2314"]
[WhiteElo "2543"]
[LiveChessVersion "1.4.8"]

1. c4 {[%clk 0:03:02]} Nf6 {[%clk 0:03:04]} 2. Nc3 {[%clk 0:03:02]} c5
{[%clk 0:03:05]} 3. Nf3 {[%clk 0:03:02]} e6 {[%clk 0:03:06]} 4. d4
{[%clk 0:02:59]} cxd4 {[%clk 0:03:07]} 5. Nxd4 {[%clk 0:02:59]} a6
{[%clk 0:03:06]} 6. g3 {[%clk 0:02:59]} Qc7 {[%clk 0:03:07]} 7. Qd3
{[%clk 0:02:46]} b5 {[%clk 0:03:00]} 8. cxb5 {[%clk 0:02:38]} Bb7
{[%clk 0:03:02]} 9. e4 {[%clk 0:02:37]} Bb4 {[%clk 0:02:48]} 10. Bg2
{[%clk 0:02:36]} d5 {[%clk 0:02:49]} 11. exd5 {[%clk 0:01:57]} Bxd5
{[%clk 0:02:33]} 12. O-O {[%clk 0:01:57]} Bxg2 {[%clk 0:02:33]} 13. Kxg2
{[%clk 0:01:58]} Bxc3 {[%clk 0:02:30]} 14. Qxc3 {[%clk 0:01:57]} Qxc3
{[%clk 0:02:27]} 15. bxc3 {[%clk 0:01:58]} axb5 {[%clk 0:02:28]} 16. Nxb5
{[%clk 0:01:55]} O-O {[%clk 0:02:27]} 17. a4 {[%clk 0:01:53]} Nc6
{[%clk 0:02:28]} 18. Rd1 {[%clk 0:01:25]} Rfc8 {[%clk 0:02:25]} 19. Be3
{[%clk 0:01:10]} h6 {[%clk 0:02:19]} 20. Bb6 {[%clk 0:01:02]} Nd5
{[%clk 0:02:16]} 21. a5 {[%clk 0:00:53]} Rcb8 {[%clk 0:02:01]} 22. Rxd5
{[%clk 0:00:36]} exd5 {[%clk 0:01:51]} 23. Nc7 {[%clk 0:00:37]} Rxb6
{[%clk 0:01:48]} 24. Nxa8 {[%clk 0:00:37]} Ra6 {[%clk 0:01:38]} 25. Nc7
{[%clk 0:00:37]} Rxa5 {[%clk 0:01:39]} 26. Rxa5 {[%clk 0:00:38]} Nxa5
{[%clk 0:01:40]} 27. Nxd5 {[%clk 0:00:38]} f6 {[%clk 0:01:40]} 28. Kf3
{[%clk 0:00:37]} Kf7 {[%clk 0:01:42]} 29. Ke4 {[%clk 0:00:37]} Ke6
{[%clk 0:01:43]} 30. Nf4+ {[%clk 0:00:38]} Kd6 {[%clk 0:01:37]} 31. Kf5
{[%clk 0:00:39]} Ke7 {[%clk 0:01:29]} 32. Kg6 {[%clk 0:00:37]} Nc4
{[%clk 0:01:22]} 33. Kxg7 Ne5 34. Ng6+ {[%clk 0:00:30]} 1-0

[Event "Team Championship Russia (Blitz, Men)"]
[Site "Sochi"]
[Date "2018.10.10"]
[Round "4.28"]
[White "Riazhskih, Vitaly"]
[Black "Kozionov, Kirill"]
[Result "1/2-1/2"]
[BlackElo "2442"]
[WhiteElo "2206"]
[LiveChessVersion "1.4.8"]

1. e4 {[%clk 0:03:03]} c5 {[%clk 0:03:04]} 2. Nf3 {[%clk 0:03:03]} d6
{[%clk 0:03:05]} 3. d3 {[%clk 0:03:04]} Nc6 {[%clk 0:03:03]} 4. g3
{[%clk 0:03:05]} g6 {[%clk 0:03:02]} 5. Bg2 {[%clk 0:03:06]} Bg7 {[%clk 0:03:03]}
6. O-O {[%clk 0:03:06]} Nf6 {[%clk 0:03:02]} 7. Nbd2 {[%clk 0:03:07]} O-O
{[%clk 0:03:03]} 8. c3 {[%clk 0:03:06]} Rb8 {[%clk 0:02:50]} 9. a4
{[%clk 0:03:05]} Bg4 {[%clk 0:02:37]} 10. h3 {[%clk 0:03:06]} Bxf3
{[%clk 0:02:38]} 11. Nxf3 {[%clk 0:03:04]} Nd7 {[%clk 0:02:33]} 12. Be3
{[%clk 0:02:49]} a6 {[%clk 0:02:06]} 13. Qd2 {[%clk 0:02:40]} Re8
{[%clk 0:02:04]} 14. Bg5 {[%clk 0:02:24]} Qa5 {[%clk 0:01:48]} 15. h4
{[%clk 0:02:19]} b5 {[%clk 0:01:29]} 16. axb5 Qxb5 17. Ra2 {[%clk 0:02:10]} Nde5
{[%clk 0:01:24]} 18. Nxe5 {[%clk 0:01:57]} Nxe5 {[%clk 0:01:25]} 19. Rd1
{[%clk 0:01:53]} a5 {[%clk 0:01:11]} 20. h5 {[%clk 0:01:49]} a4 {[%clk 0:01:04]}
21. hxg6 {[%clk 0:01:48]} hxg6 {[%clk 0:01:05]} 22. f4 {[%clk 0:01:44]} Nd7
{[%clk 0:00:54]} 23. Bh3 {[%clk 0:01:37]} Nf8 {[%clk 0:00:50]} 24. f5
{[%clk 0:01:36]} Qb3 {[%clk 0:00:42]} 25. Rda1 {[%clk 0:01:23]} a3
{[%clk 0:00:39]} 26. Rxa3 {[%clk 0:01:23]} Qxb2 {[%clk 0:00:40]} 27. Qxb2
{[%clk 0:01:00]} Rxb2 {[%clk 0:00:41]} 28. Ra8 {[%clk 0:00:59]} Rbb8
{[%clk 0:00:19]} 29. Rxb8 {[%clk 0:00:59]} Rxb8 30. Bxe7 {[%clk 0:00:58]} Bxc3
{[%clk 0:00:21]} 31. Bxd6 {[%clk 0:00:42]} Rd8 {[%clk 0:00:17]} 32. Ra6
{[%clk 0:00:40]} g5 {[%clk 0:00:10]} 33. Bxc5 {[%clk 0:00:37]} Rxd3
{[%clk 0:00:06]} 34. Ra8 {[%clk 0:00:32]} Bd4+ {[%clk 0:00:03]} 35. Bxd4 Rxd4 36.
e5 {[%clk 0:00:32]} Re4 {[%clk 0:00:04]} 37. e6 {[%clk 0:00:20]} fxe6
{[%clk 0:00:04]} 38. fxe6 {[%clk 0:00:21]} Kg7 {[%clk 0:00:06]} 39. Ra7+
{[%clk 0:00:21]} Kg8 {[%clk 0:00:03]} 40. Bf5 {[%clk 0:00:20]} Re5
{[%clk 0:00:04]} 41. g4 {[%clk 0:00:21]} Nxe6 {[%clk 0:00:04]} 42. Re7
{[%clk 0:00:22]} Rxf5 {[%clk 0:00:03]} 43. gxf5 {[%clk 0:00:22]} Ng7
{[%clk 0:00:04]} 44. f6 {[%clk 0:00:22]} Nh5 {[%clk 0:00:05]} 45. f7+
{[%clk 0:00:12]} Kf8 {[%clk 0:00:05]} 46. Ra7 {[%clk 0:00:12]} Nf4
{[%clk 0:00:05]} 47. Kf2 {[%clk 0:00:10]} Nd3+ {[%clk 0:00:04]} 48. Ke3
{[%clk 0:00:08]} Ne5 {[%clk 0:00:05]} 49. Ke4 {[%clk 0:00:07]} Nxf7
{[%clk 0:00:06]} 50. Kf5 {[%clk 0:00:08]} Ke8 {[%clk 0:00:06]} 51. Kf6
{[%clk 0:00:07]} Nd8 {[%clk 0:00:05]} 52. Kxg5 {[%clk 0:00:07]} Nf7+
{[%clk 0:00:04]} 53. Kf6 {[%clk 0:00:07]} Nd6 {[%clk 0:00:04]} 54. Ke6
{[%clk 0:00:07]} Nc8 {[%clk 0:00:05]} 55. Rb7 {[%clk 0:00:03]} Kd8
{[%clk 0:00:05]} 56. Rh7 {[%clk 0:00:04]} Nb6 {[%clk 0:00:05]} 57. Kd6
{[%clk 0:00:04]} Nc8+ {[%clk 0:00:06]} 58. Kc6 {[%clk 0:00:05]} Ne7+
{[%clk 0:00:07]} 59. Kd6 {[%clk 0:00:06]} Nc8+ {[%clk 0:00:08]} 60. Ke6
{[%clk 0:00:07]} Nb6 {[%clk 0:00:08]} 61. Rb7 {[%clk 0:00:07]} Nc8
{[%clk 0:00:08]} 62. Rd7+ {[%clk 0:00:08]} Ke8 {[%clk 0:00:09]} 63. Rh7
{[%clk 0:00:09]} Kd8 {[%clk 0:00:09]} 64. Rd7+ {[%clk 0:00:09]} Ke8
{[%clk 0:00:11]} 65. Rb7 {[%clk 0:00:09]} Kd8 {[%clk 0:00:09]} 66. Rh7
{[%clk 0:00:09]} Nb6 {[%clk 0:00:07]} 67. Rg7 {[%clk 0:00:08]} Nc8
{[%clk 0:00:03]} 68. Rb7 {[%clk 0:00:08]} Ke8 {[%clk 0:00:03]} 69. Rd7
{[%clk 0:00:07]} Nb6 {[%clk 0:00:04]} 70. Rc7 {[%clk 0:00:07]} Kd8
{[%clk 0:00:04]} 71. Rb7 {[%clk 0:00:07]} Nc8 {[%clk 0:00:05]} 72. Rd7+
{[%clk 0:00:06]} Ke8 {[%clk 0:00:06]} 73. Rh7 {[%clk 0:00:07]} Kd8
{[%clk 0:00:07]} 74. Rg7 {[%clk 0:00:07]} Nb6 {[%clk 0:00:07]} 75. Kd6
{[%clk 0:00:07]} Nc8+ {[%clk 0:00:08]} 76. Kc6 {[%clk 0:00:08]} Ne7+
{[%clk 0:00:07]} 77. Kd6 {[%clk 0:00:09]} Nf5+ {[%clk 0:00:08]} 1/2-1/2

[Event "Team Championship Russia (Blitz, Men)"]
[Site "Sochi"]
[Date "2018.10.10"]
[Round "4.29"]
[White "Rozhko, Dmitry"]
[Black "Taysayev, Timur"]
[Result "0-1"]
[BlackElo "2253"]
[WhiteElo "2218"]
[LiveChessVersion "1.4.8"]

1. d4 {[%clk 0:03:03]} Nf6 {[%clk 0:03:03]} 2. Nf3 {[%clk 0:03:04]} e6
{[%clk 0:03:04]} 3. Bf4 {[%clk 0:03:05]} b6 {[%clk 0:02:58]} 4. e3
{[%clk 0:03:05]} Bb7 {[%clk 0:02:59]} 5. h3 {[%clk 0:03:04]} Be7 {[%clk 0:02:18]}
6. Nbd2 {[%clk 0:03:05]} Nh5 {[%clk 0:02:17]} 7. Bh2 {[%clk 0:03:05]} f5
{[%clk 0:02:18]} 8. Be2 {[%clk 0:02:36]} Nf6 {[%clk 0:02:06]} 9. O-O
{[%clk 0:02:35]} O-O {[%clk 0:02:07]} 10. a4 {[%clk 0:02:36]} a6 {[%clk 0:01:58]}
11. Nc4 {[%clk 0:02:35]} d6 {[%clk 0:01:53]} 12. c3 {[%clk 0:02:20]} Ne4
{[%clk 0:01:50]} 13. Nfd2 {[%clk 0:02:19]} Nd7 {[%clk 0:01:49]} 14. Nxe4
{[%clk 0:02:16]} Bxe4 {[%clk 0:01:46]} 15. Bf3 {[%clk 0:02:09]} Nf6
{[%clk 0:01:43]} 16. Nd2 {[%clk 0:02:01]} Bxf3 {[%clk 0:01:39]} 17. Qxf3
{[%clk 0:02:00]} d5 {[%clk 0:01:38]} 18. Be5 {[%clk 0:01:50]} Bd6
{[%clk 0:01:26]} 19. Bxf6 {[%clk 0:01:23]} Qxf6 {[%clk 0:01:18]} 20. Qe2
{[%clk 0:01:22]} e5 {[%clk 0:01:16]} 21. f4 {[%clk 0:01:16]} exf4
{[%clk 0:01:10]} 22. exf4 {[%clk 0:01:16]} Rfe8 {[%clk 0:01:08]} 23. Qf2
{[%clk 0:01:13]} Re7 {[%clk 0:01:03]} 24. Rae1 {[%clk 0:01:10]} Rae8
{[%clk 0:01:04]} 25. Rxe7 {[%clk 0:01:09]} Qxe7 {[%clk 0:01:05]} 26. g3
{[%clk 0:01:04]} g5 {[%clk 0:00:51]} 27. fxg5 {[%clk 0:00:31]} Qxg5
{[%clk 0:00:51]} 28. Kg2 {[%clk 0:00:19]} f4 {[%clk 0:00:30]} 29. g4
{[%clk 0:00:12]} Re3 {[%clk 0:00:30]} 30. Nf3 {[%clk 0:00:11]} Qe7
{[%clk 0:00:30]} 31. Re1 {[%clk 0:00:09]} Qe4 {[%clk 0:00:28]} 32. Rxe3
{[%clk 0:00:03]} fxe3 {[%clk 0:00:29]} 33. Qe2 {[%clk 0:00:00]} c5
{[%clk 0:00:29]} 34. dxc5 {[%clk 0:00:00]} bxc5 {[%clk 0:00:29]} 35. c4
{[%clk 0:00:00]} 0-1

[Event "Team Championship Russia (Blitz, Men)"]
[Site "Sochi"]
[Date "2018.10.10"]
[Round "4.30"]
[White "Nazaretyan, Tigran"]
[Black "Tekeyev, Zaur"]
[Result "1-0"]
[BlackElo "2301"]
[WhiteElo "2307"]
[LiveChessVersion "1.4.8"]

1. d4 {[%clk 0:03:03]} Nf6 {[%clk 0:03:03]} 2. c4 g6 3. Nc3 {[%clk 0:03:04]} Bg7
{[%clk 0:03:06]} 4. e4 {[%clk 0:03:05]} O-O {[%clk 0:03:06]} 5. Nf3
{[%clk 0:03:06]} d6 {[%clk 0:03:08]} 6. Be2 {[%clk 0:03:07]} e5 {[%clk 0:03:09]}
7. O-O {[%clk 0:03:07]} Nc6 {[%clk 0:03:07]} 8. d5 {[%clk 0:03:08]} Ne7
{[%clk 0:03:09]} 9. b4 {[%clk 0:03:09]} Ne8 {[%clk 0:02:56]} 10. c5
{[%clk 0:03:06]} f5 {[%clk 0:02:31]} 11. Nd2 {[%clk 0:02:58]} Nf6
{[%clk 0:02:21]} 12. Bd3 {[%clk 0:02:34]} f4 {[%clk 0:01:35]} 13. f3
{[%clk 0:02:09]} g5 {[%clk 0:01:35]} 14. Be2 {[%clk 0:01:44]} Ng6
{[%clk 0:01:32]} 15. Nc4 {[%clk 0:01:43]} Rf7 {[%clk 0:01:34]} 16. b5
{[%clk 0:01:41]} Bf8 {[%clk 0:01:26]} 17. cxd6 {[%clk 0:01:34]} cxd6
{[%clk 0:01:24]} 18. Ba3 {[%clk 0:01:26]} h5 {[%clk 0:01:19]} 19. h3
{[%clk 0:01:24]} Rg7 {[%clk 0:00:58]} 20. Rc1 {[%clk 0:01:15]} Nh4
{[%clk 0:00:43]} 21. Qe1 {[%clk 0:01:02]} Nh7 {[%clk 0:00:36]} 22. Rf2
{[%clk 0:00:31]} g4 {[%clk 0:00:37]} 23. fxg4 {[%clk 0:00:32]} hxg4
{[%clk 0:00:38]} 24. Bxg4 {[%clk 0:00:33]} Bxg4 {[%clk 0:00:38]} 25. hxg4
{[%clk 0:00:34]} Rxg4 {[%clk 0:00:33]} 26. Kf1 {[%clk 0:00:35]} Ng5
{[%clk 0:00:20]} 27. Nd2 {[%clk 0:00:27]} Rc8 {[%clk 0:00:18]} 28. Nf3
{[%clk 0:00:28]} Qa5 {[%clk 0:00:10]} 29. Bb2 {[%clk 0:00:26]} Nhxf3
{[%clk 0:00:06]} 30. gxf3 {[%clk 0:00:27]} Rg3 {[%clk 0:00:07]} 31. Ke2
{[%clk 0:00:28]} Qb4 {[%clk 0:00:07]} 32. Qd2 {[%clk 0:00:27]} Qc4+ 33. Qd3 Qxd3+
{[%clk 0:00:08]} 34. Kxd3 {[%clk 0:00:30]} Nxf3 {[%clk 0:00:09]} 35. Ne2
{[%clk 0:00:28]} Ng5+ {[%clk 0:00:09]} 36. Nxg3 {[%clk 0:00:29]} Rxc1
{[%clk 0:00:09]} 37. Bxc1 {[%clk 0:00:30]} fxg3 {[%clk 0:00:10]} 38. Rf5
{[%clk 0:00:31]} Be7 {[%clk 0:00:07]} 39. Bxg5 {[%clk 0:00:31]} g2
{[%clk 0:00:08]} 40. Bxe7 {[%clk 0:00:32]} g1=Q {[%clk 0:00:06]} 41. Rg5+
{[%clk 0:00:33]} Qxg5 {[%clk 0:00:06]} 42. Bxg5 {[%clk 0:00:34]} Kf7
{[%clk 0:00:08]} 43. Ke3 {[%clk 0:00:31]} Ke8 {[%clk 0:00:07]} 44. Kf3
{[%clk 0:00:32]} Kd7 {[%clk 0:00:08]} 45. Kg4 {[%clk 0:00:34]} Kc7
{[%clk 0:00:10]} 46. Kf5 {[%clk 0:00:35]} Kb6 {[%clk 0:00:11]} 47. a4
{[%clk 0:00:36]} Ka5 {[%clk 0:00:08]} 48. Ke6 {[%clk 0:00:38]} Kxa4
{[%clk 0:00:09]} 49. Kxd6 {[%clk 0:00:38]} Kxb5 {[%clk 0:00:10]} 50. Kxe5
{[%clk 0:00:38]} 1-0

[Event "Team Championship Russia (Blitz, Men)"]
[Site "Sochi"]
[Date "2018.10.10"]
[Round "4.31"]
[White "Kozak, Alexander"]
[Black "Tenikashvili, Georgij"]
[Result "0-1"]
[BlackElo "2114"]
[WhiteElo "2431"]
[LiveChessVersion "1.4.8"]

1. e4 {[%clk 0:03:03]} c6 {[%clk 0:03:03]} 2. d4 {[%clk 0:03:04]} d5
{[%clk 0:03:04]} 3. exd5 {[%clk 0:03:05]} cxd5 {[%clk 0:03:05]} 4. Bd3
{[%clk 0:03:06]} Nc6 {[%clk 0:03:06]} 5. c3 {[%clk 0:03:08]} Qc7 {[%clk 0:03:08]}
6. Ne2 {[%clk 0:03:07]} Bg4 {[%clk 0:03:08]} 7. f3 {[%clk 0:03:09]} Bd7
{[%clk 0:03:06]} 8. f4 {[%clk 0:02:30]} Bg4 {[%clk 0:02:40]} 9. O-O
{[%clk 0:02:24]} e6 {[%clk 0:02:41]} 10. h3 {[%clk 0:02:22]} Bh5 {[%clk 0:02:03]}
11. Nd2 {[%clk 0:02:11]} Bd6 {[%clk 0:02:03]} 12. Nf3 {[%clk 0:02:06]} Nge7
{[%clk 0:02:02]} 13. Qe1 {[%clk 0:01:52]} Bg6 {[%clk 0:01:49]} 14. Qd1
{[%clk 0:01:42]} O-O {[%clk 0:01:38]} 15. Ne5 {[%clk 0:01:32]} Bxd3
{[%clk 0:01:35]} 16. Nxd3 {[%clk 0:01:33]} a6 {[%clk 0:01:23]} 17. Ng3
{[%clk 0:01:18]} b5 {[%clk 0:01:16]} 18. a3 {[%clk 0:01:19]} Na5 {[%clk 0:01:15]}
19. Qg4 {[%clk 0:01:01]} Nc4 {[%clk 0:01:01]} 20. Nh5 {[%clk 0:00:55]} Ng6
{[%clk 0:00:57]} 21. f5 {[%clk 0:00:45]} exf5 {[%clk 0:00:57]} 22. Rxf5
{[%clk 0:00:41]} Rad8 {[%clk 0:00:50]} 23. Bg5 {[%clk 0:00:36]} f6
{[%clk 0:00:46]} 24. Bc1 {[%clk 0:00:34]} Qf7 {[%clk 0:00:34]} 25. a4
{[%clk 0:00:33]} Rfe8 {[%clk 0:00:33]} 26. axb5 {[%clk 0:00:33]} axb5
{[%clk 0:00:34]} 27. Rf3 {[%clk 0:00:18]} Re4 {[%clk 0:00:33]} 28. Ndf4
{[%clk 0:00:12]} Rde8 {[%clk 0:00:21]} 29. Rf1 {[%clk 0:00:12]} Nxf4
{[%clk 0:00:10]} 30. Bxf4 {[%clk 0:00:09]} Kh8 {[%clk 0:00:09]} 31. Ra6
{[%clk 0:00:08]} Bxf4 {[%clk 0:00:09]} 32. Nxf4 {[%clk 0:00:08]} Ne3
{[%clk 0:00:06]} 33. Qg3 {[%clk 0:00:00]} Nxf1 {[%clk 0:00:06]} 34. Kxf1
{[%clk 0:00:00]} Re3 {[%clk 0:00:06]} 35. Qg4 {[%clk 0:00:00]} Re1+
{[%clk 0:00:06]} 36. Kf2 {[%clk 0:00:00]} Qe7 {[%clk 0:00:06]} 37. Kg3
{[%clk 0:00:00]} Qe3+ {[%clk 0:00:06]} 38. Kh2 {[%clk 0:00:00]} Qg1+
{[%clk 0:00:06]} 39. Kg3 {[%clk 0:00:00]} R1e3+ 40. Kh4 g5+ 41. Kh5 0-1

[Event "Team Championship Russia (Blitz, Men)"]
[Site "Sochi"]
[Date "2018.10.10"]
[Round "4.32"]
[White "Basiev, Valeriy P."]
[Black "Nuristani, Iman"]
[Result "1-0"]
[BlackElo "2295"]
[WhiteElo "2022"]
[LiveChessVersion "1.4.8"]

1. c4 {[%clk 0:03:02]} Nf6 {[%clk 0:03:03]} 2. Nc3 {[%clk 0:02:56]} e6
{[%clk 0:03:04]} 3. e4 {[%clk 0:02:55]} d6 {[%clk 0:02:52]} 4. d4
{[%clk 0:02:56]} Be7 {[%clk 0:02:52]} 5. f4 {[%clk 0:02:52]} b6 {[%clk 0:02:42]}
6. Nf3 {[%clk 0:02:52]} Bb7 {[%clk 0:02:43]} 7. Bd3 {[%clk 0:02:53]} c5
{[%clk 0:02:16]} 8. d5 {[%clk 0:02:52]} exd5 {[%clk 0:01:28]} 9. cxd5
{[%clk 0:02:53]} Nbd7 {[%clk 0:01:27]} 10. O-O {[%clk 0:02:54]} a6
{[%clk 0:01:27]} 11. a4 {[%clk 0:02:55]} Qc7 {[%clk 0:01:29]} 12. Bc4
{[%clk 0:02:43]} O-O-O {[%clk 0:00:45]} 13. Re1 {[%clk 0:02:36]} Kb8
{[%clk 0:00:41]} 14. e5 {[%clk 0:02:26]} Ne8 {[%clk 0:00:42]} 15. e6
{[%clk 0:02:06]} fxe6 {[%clk 0:00:39]} 16. dxe6 {[%clk 0:02:02]} Ndf6
{[%clk 0:00:37]} 17. Nd5 {[%clk 0:01:41]} Nxd5 {[%clk 0:00:38]} 18. Bxd5
{[%clk 0:01:42]} Nf6 {[%clk 0:00:39]} 19. Bxb7 {[%clk 0:01:38]} Qxb7
{[%clk 0:00:38]} 20. Ng5 {[%clk 0:01:35]} Nd5 {[%clk 0:00:22]} 21. Nf7
{[%clk 0:01:27]} Bf6 {[%clk 0:00:23]} 22. Nxh8 {[%clk 0:01:21]} Rxh8
{[%clk 0:00:25]} 23. Kh1 {[%clk 0:01:10]} Re8 {[%clk 0:00:23]} 24. f5
{[%clk 0:01:10]} Qc6 {[%clk 0:00:16]} 25. Qh5 {[%clk 0:01:08]} Nb4
{[%clk 0:00:11]} 26. Rf1 {[%clk 0:00:41]} Nc2 {[%clk 0:00:09]} 27. Rb1
{[%clk 0:00:42]} Nd4 {[%clk 0:00:10]} 28. b3 {[%clk 0:00:38]} Re7
{[%clk 0:00:10]} 29. Bg5 {[%clk 0:00:38]} Qe4 {[%clk 0:00:05]} 30. Bxf6
{[%clk 0:00:36]} gxf6 {[%clk 0:00:06]} 31. Rbe1 {[%clk 0:00:25]} Qd5
{[%clk 0:00:04]} 32. Qh6 {[%clk 0:00:20]} Nxf5 {[%clk 0:00:05]} 33. Rxf5
{[%clk 0:00:20]} Qxf5 {[%clk 0:00:05]} 34. Qf8+ {[%clk 0:00:22]} Kb7
{[%clk 0:00:07]} 35. Qxe7+ {[%clk 0:00:22]} Kc6 {[%clk 0:00:08]} 36. Qd7+
{[%clk 0:00:23]} Kd5 37. Qb7+ {[%clk 0:00:21]} Kd4 {[%clk 0:00:11]} 38. e7
{[%clk 0:00:19]} Qf2 {[%clk 0:00:11]} 39. Rg1 {[%clk 0:00:20]} Qe2
{[%clk 0:00:12]} 40. Qd7 {[%clk 0:00:19]} d5 {[%clk 0:00:11]} 41. e8=Q
{[%clk 0:00:19]} Qd3 {[%clk 0:00:11]} 42. Qg4+ {[%clk 0:00:19]} Kc3
{[%clk 0:00:12]} 43. Qe1+ {[%clk 0:00:20]} Kxb3 {[%clk 0:00:13]} 44. Qf3
{[%clk 0:00:21]} c4 {[%clk 0:00:13]} 45. Qxd3+ cxd3 46. a5 b5 47. Qd2
{[%clk 0:00:22]} Kc4 {[%clk 0:00:16]} 48. Rc1+ Kd4 49. Qf4# {[%clk 0:00:24]} 1-0

[Event "Team Championship Russia (Blitz, Men)"]
[Site "Sochi"]
[Date "2018.10.10"]
[Round "4.33"]
[White "Dulenko, Maxim"]
[Black "Linker, Mikhail"]
[Result "1-0"]
[BlackElo "2195"]
[WhiteElo "2237"]
[LiveChessVersion "1.4.8"]

1. e4 {[%clk 0:03:04]} c5 {[%clk 0:03:02]} 2. Nf3 {[%clk 0:03:05]} Nc6
{[%clk 0:03:03]} 3. d4 {[%clk 0:03:05]} cxd4 {[%clk 0:03:03]} 4. Nxd4
{[%clk 0:03:06]} Nf6 {[%clk 0:03:04]} 5. Nc3 {[%clk 0:03:07]} g6 {[%clk 0:03:05]}
6. Bc4 {[%clk 0:03:02]} Bg7 {[%clk 0:03:03]} 7. Nde2 {[%clk 0:03:02]} O-O
{[%clk 0:02:58]} 8. O-O {[%clk 0:03:02]} d6 {[%clk 0:02:56]} 9. h3
{[%clk 0:03:02]} a6 {[%clk 0:02:57]} 10. a4 {[%clk 0:03:03]} Bd7 {[%clk 0:02:55]}
11. Be3 {[%clk 0:02:57]} Rc8 {[%clk 0:02:53]} 12. Ba2 {[%clk 0:02:51]} Ne5
{[%clk 0:02:42]} 13. a5 {[%clk 0:02:40]} Nc4 {[%clk 0:02:32]} 14. Bxc4
{[%clk 0:02:40]} Rxc4 {[%clk 0:02:33]} 15. Bb6 {[%clk 0:02:34]} Qe8
{[%clk 0:02:20]} 16. Nd4 {[%clk 0:02:32]} Rc8 {[%clk 0:02:07]} 17. Re1
{[%clk 0:02:29]} Bc6 {[%clk 0:02:02]} 18. Nxc6 {[%clk 0:02:22]} Rxc6
{[%clk 0:01:55]} 19. Nd5 {[%clk 0:02:17]} Nd7 {[%clk 0:01:45]} 20. c3
{[%clk 0:02:17]} Nxb6 {[%clk 0:01:28]} 21. Nxb6 {[%clk 0:02:15]} Qd8
{[%clk 0:01:22]} 22. Qd3 {[%clk 0:02:13]} Qc7 {[%clk 0:01:05]} 23. Re2
{[%clk 0:02:07]} Rd8 {[%clk 0:01:04]} 24. Nd5 {[%clk 0:02:03]} Qd7
{[%clk 0:01:05]} 25. Rd1 {[%clk 0:02:00]} Qe8 {[%clk 0:00:56]} 26. c4
{[%clk 0:01:58]} Rdc8 {[%clk 0:00:45]} 27. Nb6 {[%clk 0:01:57]} R8c7
{[%clk 0:00:44]} 28. b4 {[%clk 0:01:57]} h5 {[%clk 0:00:39]} 29. Re3
{[%clk 0:01:55]} Bh6 {[%clk 0:00:34]} 30. Re2 {[%clk 0:01:55]} Kh7
{[%clk 0:00:35]} 31. e5 {[%clk 0:01:53]} dxe5 {[%clk 0:00:33]} 32. Rxe5
{[%clk 0:01:53]} Kg8 {[%clk 0:00:24]} 33. Rd5 {[%clk 0:01:53]} Rd6
{[%clk 0:00:18]} 34. Rxd6 {[%clk 0:01:53]} exd6 {[%clk 0:00:20]} 35. Qxd6
{[%clk 0:01:53]} Re7 {[%clk 0:00:12]} 36. Kf1 {[%clk 0:01:49]} Kh7
{[%clk 0:00:12]} 37. Nd5 {[%clk 0:01:49]} Re6 {[%clk 0:00:05]} 38. Nf6+
{[%clk 0:01:50]} Rxf6 {[%clk 0:00:06]} 39. Qxf6 {[%clk 0:01:50]} Bg7
{[%clk 0:00:07]} 40. Qf3 {[%clk 0:01:46]} Qe7 {[%clk 0:00:08]} 41. c5
{[%clk 0:01:43]} f5 {[%clk 0:00:06]} 42. Qd3 {[%clk 0:01:42]} Qe5
{[%clk 0:00:06]} 43. Kg1 {[%clk 0:01:41]} Qf4 {[%clk 0:00:06]} 44. b5
{[%clk 0:01:34]} axb5 {[%clk 0:00:07]} 45. Qxb5 {[%clk 0:01:34]} h4
{[%clk 0:00:08]} 46. Qxb7 {[%clk 0:01:33]} Kh6 {[%clk 0:00:09]} 47. Qf3
{[%clk 0:01:32]} Qb4 {[%clk 0:00:08]} 48. c6 {[%clk 0:01:33]} Qxa5 49. Qf4+
{[%clk 0:01:31]} g5 {[%clk 0:00:08]} 50. Qd6+ {[%clk 0:01:30]} Kh7
{[%clk 0:00:09]} 51. c7 1-0